| 000 | 00392nam a2200133 4500 | ||
|---|---|---|---|
| 027 | _qHB. | ||
| 040 | _cFIZZA ISHAQ | ||
| 082 |
_a150.9 _bJUS |
||
| 100 |
_aJustman , Stewart. _9133764 |
||
| 245 |
_aThe Psychological Mystique / _cStewart Justman. |
||
| 260 |
_aEvanston, Illinois: _b Northwestern University Press, _c1998. |
||
| 300 |
_a 181 p. ; _c6.5 x 0.75 x 9.5 inches |
||
| 942 |
_2ddc _cBK |
||
| 999 |
_c616725 _d616725 |
||